[Event "Haninge"]
[Site "Haninge"]
[Date "1990.??.??"]
[Round "4"]
[White "Hellers, Ferdinand"]
[Black "Hector, Jonny"]
[Result "1-0"]
[WhiteElo "2525"]
[BlackElo "2465"]
[PlyCount "73"]
[EventDate "1990.05.??"]
[Source "ChessBase"]

1. e4 e5 2. Nf3 Nc6 3. Bb5 Bb4 4. c3 Ba5 5. Na3 Bb6 6. Nc4 d6 7. O-O Nge7 8. a4
O-O 9. d3 d5 10. exd5 Qxd5 11. Re1 Bg4 12. h3 Bxf3 13. Qxf3 Qxf3 14. gxf3 f6
15. a5 Bc5 16. b4 Bxb4 17. Bxc6 Bxc3 18. Bxb7 Rab8 19. a6 Rfd8 20. Be3 Bxe1 21.
Rxe1 Rxd3 22. Bxa7 Rbd8 23. Bc5 Nc8 24. Rb1 Kf7 25. Na5 Ke6 26. Kg2 Rc3 27. Nc6
Rh8 28. Bxc8+ Rxc8 29. a7 Ra8 30. Rb8 Rxa7 31. Nd8+ Kd7 32. Bxa7 Ra3 33. Be3 c6
34. Nf7 Ke6 35. Rb7 Ra8 36. Ng5+ fxg5 37. Rxg7 1-0

[Event "Haninge"]
[Site "Haninge"]
[Date "1990.??.??"]
[Round "5"]
[White "Hector, Jonny"]
[Black "Van der Wiel, John TH"]
[Result "1-0"]
[WhiteElo "2465"]
[BlackElo "2550"]
[PlyCount "85"]
[EventDate "1990.05.??"]
[Source "ChessBase"]

1. e4 c5 2. Nf3 e6 3. d4 cxd4 4. Nxd4 Nf6 5. Nc3 Nc6 6. Nxc6 bxc6 7. e5 Nd5 8.
Ne4 Qc7 9. f4 Qb6 10. c4 Ne3 11. Qd3 Nf5 12. g4 Nd4 13. b3 Bb7 14. Be3 Nc2+ 15.
Kf2 Nxe3 16. Qxe3 Qxe3+ 17. Kxe3 c5 18. Bg2 O-O-O 19. Rhd1 h5 20. g5 Bxe4 21.
Kxe4 g6 22. b4 Kc7 23. b5 d6 24. Rd3 dxe5 25. Rxd8 Kxd8 26. fxe5 h4 27. Rd1+
Kc8 28. Kf4 h3 29. Bf3 Be7 30. Rd3 Rd8 31. Rxd8+ Bxd8 32. Bc6 Ba5 33. Be8 Bd2+
34. Kg4 Bc3 35. Bxf7 Kd7 36. Kxh3 Bxe5 37. Kg2 Bc3 38. Bxg6 Kd6 39. Kf3 Ke5 40.
Bf7 Kf5 41. h4 Bd4 42. a4 Bc3 43. Be8 1-0

[Event "Copenhagen op"]
[Site "Copenhagen"]
[Date "1990.??.??"]
[Round "2"]
[White "Hector, Jonny"]
[Black "Pilgaard, Kim"]
[Result "1-0"]
[WhiteElo "2465"]
[BlackElo "2260"]
[PlyCount "59"]
[EventDate "1990.06.??"]
[Source "ChessBase"]

1. e4 e5 2. Nf3 Nc6 3. c3 Nf6 4. d4 Nxe4 5. d5 Ne7 6. Nxe5 Ng6 7. Nxg6 hxg6 8.
Qe2 Qe7 9. Bf4 d6 10. Na3 Nf6 11. O-O-O Qxe2 12. Bxe2 Be7 13. Nb5 Bd8 14. c4 a6
15. Nc3 O-O 16. f3 Re8 17. g4 Nh7 18. h4 Bf6 19. Bd3 Bxc3 20. bxc3 b6 21. h5
Nf8 22. Rh2 Bd7 23. Rdh1 Re7 24. Bg5 Re5 25. Bf4 Re7 26. Kd2 Be8 27. h6 f6 28.
Be3 Nd7 29. hxg7 Rxg7 30. Rh8+ 1-0

[Event "Peer Gynt"]
[Site "Gausdal"]
[Date "1990.??.??"]
[Round "7"]
[White "Hector, Jonny"]
[Black "Kourkounakis, Ilias"]
[Result "1-0"]
[WhiteElo "2465"]
[BlackElo "2355"]
[PlyCount "53"]
[EventDate "1990.07.??"]
[Source "ChessBase"]

1. e4 c6 2. d4 d5 3. Nd2 g6 4. f4 dxe4 5. Nxe4 Nf6 6. Nxf6+ exf6 7. Bc4 Bd6 8.
Ne2 O-O 9. O-O f5 10. Bd2 Nd7 11. Bd3 b5 12. a4 b4 13. c4 a5 14. Ng3 Nf6 15.
Qf3 Bd7 16. Rae1 c5 17. d5 Bxa4 18. Bxf5 gxf5 19. Nxf5 Kh8 20. b3 Be8 21. Bc1
Rg8 22. Bb2 Bf8 23. Rxe8 Qxe8 24. Bxf6+ Bg7 25. Nxg7 Rxg7 26. d6 Ra7 27. Qg4
1-0

[Event "Peer Gynt"]
[Site "Gausdal"]
[Date "1990.??.??"]
[Round "9"]
[White "Hector, Jonny"]
[Black "Djurhuus, Rune"]
[Result "1-0"]
[WhiteElo "2465"]
[BlackElo "2405"]
[PlyCount "35"]
[EventDate "1990.07.??"]
[Source "ChessBase"]

1. e4 e6 2. d4 d5 3. Nc3 Bb4 4. Qd3 dxe4 5. Qxe4 Nf6 6. Qh4 c5 7. dxc5 Nd5 8.
Qxd8+ Kxd8 9. Nge2 Nxc3 10. Nxc3 Nd7 11. Bd2 Bxc5 12. O-O-O Kc7 13. Bf4+ e5 14.
Bg3 a6 15. Bd3 b5 16. Bf5 f6 17. b4 Ba7 18. Nd5+ 1-0

[Event "Gausdal Int"]
[Site "Gausdal"]
[Date "1990.??.??"]
[Round "1"]
[White "Hector, Jonny"]
[Black "Nielsen, Uffe V"]
[Result "1-0"]
[WhiteElo "2465"]
[BlackElo "2300"]
[PlyCount "45"]
[EventDate "1990.08.??"]
[Source "ChessBase"]

1. e4 c5 2. Nf3 e6 3. d4 cxd4 4. Nxd4 Nf6 5. Nc3 d6 6. g4 Nc6 7. g5 Nd7 8. Be3
Be7 9. Qh5 Nb6 10. O-O-O e5 11. Nf5 g6 12. Nxd6+ Bxd6 13. Qh4 Nd4 14. Nb5 O-O
15. Bxd4 Be7 16. Be3 Bd7 17. Bh3 Bxb5 18. Rxd8 Rfxd8 19. b3 Ba3+ 20. Kb1 Rd6
21. Bc1 Bxc1 22. Kxc1 Rad8 23. Qg3 1-0

[Event "Gausdal Int"]
[Site "Gausdal"]
[Date "1990.??.??"]
[Round "2"]
[White "Kovalev, Andrei"]
[Black "Hector, Jonny"]
[Result "1-0"]
[WhiteElo "2500"]
[BlackElo "2465"]
[PlyCount "81"]
[EventDate "1990.08.??"]
[Source "ChessBase"]

1. e4 e5 2. Nf3 Nc6 3. Bb5 Bb4 4. O-O Nge7 5. a3 Ba5 6. b4 Bb6 7. Bb2 Nd4 8.
Bc4 Ng6 9. Nxd4 exd4 10. d3 c6 11. f4 d5 12. Bb3 f5 13. exd5 cxd5 14. Re1+ Kf7
15. Qh5 Qd6 16. g3 a5 17. Nd2 axb4 18. a4 Rd8 19. Re5 Kg8 20. Rxd5 Qxd5 21. Re1
Qxb3 22. cxb3 Bc5 23. Nf3 Nf8 24. g4 g6 25. Qg5 Ne6 26. Qh4 fxg4 27. Rxe6 Bxe6
28. Ng5 Rd7 29. Nxe6 Be7 30. Qxg4 Bf6 31. Nxd4 Rxd4 32. Bxd4 Bxd4+ 33. Kg2 Rf8
34. Qe6+ Kh8 35. Qd6 Bg7 36. Qxb4 Bh6 37. Qxb7 Bxf4 38. a5 Rb8 39. Qd5 g5 40.
a6 Re8 41. a7 1-0

[Event "Gausdal Int"]
[Site "Gausdal"]
[Date "1990.??.??"]
[Round "9"]
[White "Hector, Jonny"]
[Black "Tisdall, Jonathan D"]
[Result "1-0"]
[WhiteElo "2465"]
[BlackElo "2425"]
[PlyCount "81"]
[EventDate "1990.08.??"]
[Source "ChessBase"]

1. e4 c5 2. Nf3 Nc6 3. d4 cxd4 4. Nxd4 e5 5. Nb5 d6 6. N1c3 a6 7. Na3 b5 8. Nd5
Be7 9. c4 b4 10. Nc2 Rb8 11. a3 bxa3 12. Rxa3 Nf6 13. Nxe7 Qxe7 14. Be2 O-O 15.
O-O Kh8 16. f3 Ne8 17. Rd3 f5 18. b3 a5 19. Ba3 Nb4 20. Bxb4 axb4 21. Qd2 Qc7
22. Rd1 fxe4 23. fxe4 Bb7 24. Bf3 Bc6 25. Qe3 Qe7 26. Ra1 Rf4 27. Ra6 Qc7 28.
Nd4 Bd7 29. Nf5 Bxf5 30. exf5 Qe7 31. c5 Rxf5 32. cxd6 Qf6 33. Qe4 Rf4 34. Ra8
Rxe4 35. Rxb8 Re1+ 36. Kf2 Qh4+ 37. g3 Qxh2+ 38. Kxe1 Qxg3+ 39. Kd1 Qg1+ 40.
Kc2 Qf2+ 41. Kb1 1-0

[Event "Rilton Cup"]
[Site "Stockholm"]
[Date "1990.??.??"]
[Round "4"]
[White "Hector, Jonny"]
[Black "Brynell, Stellan"]
[Result "1-0"]
[WhiteElo "2465"]
[BlackElo "2405"]
[PlyCount "97"]
[EventDate "1990.12.??"]
[Source "ChessBase"]

1. e4 e6 2. d4 d5 3. Nc3 Bb4 4. Qd3 dxe4 5. Qxe4 Nf6 6. Qh4 Nc6 7. Nf3 Nd5 8.
Bg5 Be7 9. Ne4 Ndb4 10. Bxe7 Nxe7 11. Bb5+ Bd7 12. Bxd7+ Qxd7 13. O-O Nxc2 14.
Rad1 Nb4 15. a3 Nbd5 16. Ne5 Nf5 17. Qh3 Qe7 18. Qb3 Nd6 19. Qa4+ Kf8 20. Nc5
g6 21. Rfe1 Kg7 22. Rd3 Rhe8 23. Rf3 Rab8 24. Ne4 Nb6 25. Qd1 Rf8 26. Qd2 Nxe4
27. Rxe4 Nd5 28. Rh3 h5 29. Rg3 Rbd8 30. h4 c5 31. Qe2 Kh7 32. dxc5 Qxc5 33.
Rg5 Qc1+ 34. Kh2 Nf6 35. Rb4 b6 36. Qf3 Nd5 37. Rc4 Qd2 38. g4 hxg4 39. Rcxg4
f5 40. Nxg6 Rf7 41. Rd4 Qxg5 42. hxg5 Kxg6 43. Qe2 Rh7+ 44. Kg1 Rd6 45. Qe5 Rc6
46. Rxd5 Rc1+ 47. Kg2 exd5 48. Qf6+ Kh5 49. g6 1-0

[Event "Rilton Cup"]
[Site "Stockholm"]
[Date "1990.??.??"]
[Round "7"]
[White "Hellers, Ferdinand"]
[Black "Hector, Jonny"]
[Result "1-0"]
[WhiteElo "2520"]
[BlackElo "2465"]
[PlyCount "57"]
[EventDate "1990.12.??"]
[Source "ChessBase"]

1. e4 e5 2. Nf3 Nc6 3. Bb5 Bb4 4. c3 Ba5 5. Na3 Bb6 6. Nc4 d6 7. O-O Nge7 8. a4
O-O 9. d3 Be6 10. Nxb6 axb6 11. Ng5 Bc8 12. f4 h6 13. Nf3 exf4 14. Bxf4 Ng6 15.
Bg3 Na7 16. Bc4 Be6 17. Bxe6 fxe6 18. Qb3 Qd7 19. Nd4 Rae8 20. a5 b5 21. c4 c6
22. Rxf8+ Nxf8 23. a6 bxc4 24. dxc4 bxa6 25. Rxa6 Rc8 26. Qa3 Rc7 27. Qxd6 Qc8
28. Qxc7 Qxa6 29. Be5 1-0

[Event "Aarhus op"]
[Site "Aarhus"]
[Date "1991.??.??"]
[Round "6"]
[White "Hector, Jonny"]
[Black "Fornari, Giuseppe"]
[Result "1-0"]
[WhiteElo "2465"]
[BlackElo "2235"]
[PlyCount "97"]
[EventDate "1991.??.??"]
[Source "ChessBase"]

1. e4 c5 2. Nf3 d6 3. d4 cxd4 4. Nxd4 Nf6 5. Nc3 g6 6. Bc4 Bg7 7. O-O O-O 8. h3
Nc6 9. Be3 Bd7 10. Re1 a6 11. Bb3 Na5 12. Qd2 Rc8 13. Bh6 Nc4 14. Bxc4 Rxc4 15.
Bxg7 Kxg7 16. Rad1 e5 17. Nf3 Rc6 18. Re3 Qa5 19. Rd3 Ne8 20. a3 Be6 21. Ng5 h6
22. Nf3 Bc4 23. Re3 Be6 24. Nh4 Kh7 25. Rd3 Bc4 26. Rg3 Qd8 27. Nf3 Qa5 28. Nh2
Be6 29. Ng4 Bxg4 30. hxg4 Kg7 31. Rd3 Rh8 32. Rf3 Rf8 33. g5 h5 34. Qc1 b5 35.
Nd5 Qd8 36. c3 Qd7 37. Qe3 Qe6 38. Nb4 Rc4 39. Nxa6 Qg4 40. Re1 f6 41. b3 Rc8
42. gxf6+ Nxf6 43. Qb6 Nd7 44. Qb7 Rxf3 45. Qxc8 Rf7 46. Nc7 h4 47. Re3 Qd1+
48. Kh2 Qd2 49. Ne6+ 1-0

[Event "Bellinge"]
[Site "Bellinge"]
[Date "1991.??.??"]
[Round "2"]
[White "Hector, Jonny"]
[Black "Ledger, Andrew"]
[Result "1-0"]
[WhiteElo "2465"]
[BlackElo "2350"]
[PlyCount "93"]
[EventDate "1991.??.??"]
[Source "ChessBase"]

1. e4 c6 2. Nc3 d5 3. d4 g6 4. e5 h5 5. Nf3 Bg4 6. h3 Bxf3 7. Qxf3 e6 8. Bd3
Qb6 9. Ne2 Nd7 10. a4 a6 11. O-O c5 12. c3 Ne7 13. b4 cxb4 14. a5 Qa7 15. c4
dxc4 16. Bxc4 Rc8 17. Qb3 Bg7 18. Bg5 Rxc4 19. Qxc4 Nc6 20. Bd2 Bf8 21. Be3 Qb8
22. f4 Ne7 23. Qxb4 Nd5 24. Qb3 b5 25. axb6 Qxb6 26. Qxb6 N7xb6 27. Rfb1 Nc4
28. Rxa6 Ncxe3 29. Rb7 Be7 30. Ra8+ Bd8 31. Rxd8+ Kxd8 32. Rb8+ Ke7 33. Rxh8
Nf5 34. g3 Nb4 35. Ra8 Nc6 36. Ra4 Kd7 37. Kf2 Nfe7 38. Nc3 Kc7 39. Nb5+ Kd7
40. Nd6 Nd5 41. Nxf7 h4 42. Nh8 Nc3 43. Rc4 Nd1+ 44. Kf3 hxg3 45. Kxg3 Ne3 46.
Ra4 Ne7 47. Kh4 1-0

[Event "Bellinge"]
[Site "Bellinge"]
[Date "1991.??.??"]
[Round "8"]
[White "Hector, Jonny"]
[Black "Schandorff, Lars"]
[Result "1-0"]
[WhiteElo "2465"]
[BlackElo "2425"]
[PlyCount "169"]
[EventDate "1991.??.??"]
[Source "ChessBase"]

1. e4 e5 2. Nc3 Nf6 3. f4 d5 4. fxe5 Nxe4 5. Nf3 Be7 6. Qe2 Ng5 7. d4 c6 8.
Nxg5 Bxg5 9. Qf2 Bh4 10. g3 Be7 11. Bd3 Be6 12. Ne2 c5 13. Nf4 Nc6 14. c3 cxd4
15. cxd4 Qa5+ 16. Bd2 Qb6 17. Bc3 g6 18. a4 a6 19. a5 Qc7 20. Qd2 Qd7 21. Rc1
Na7 22. Bb4 Bxb4 23. Qxb4 Nc6 24. Qc5 Qe7 25. O-O Qxc5 26. Rxc5 O-O 27. Bb1
Nxd4 28. Ba2 Rac8 29. Rxc8 Rxc8 30. Bxd5 Ne2+ 31. Nxe2 Bxd5 32. Rc1 Re8 33. Rc5
Rd8 34. Kf2 Kg7 35. Ke3 Rd7 36. b4 f6 37. Nf4 Ba2 38. e6 Re7 39. Kd4 Kh6 40.
Rd5 Bxd5 41. Kxd5 g5 42. Kd6 gxf4 43. gxf4 Re8 44. Kd7 Rg8 45. e7 Kg6 46. e8=Q+
Rxe8 47. Kxe8 Kf5 48. Kd7 Kxf4 49. Kc7 f5 50. Kxb7 Ke3 51. b5 f4 52. bxa6 f3
53. a7 f2 54. a8=Q f1=Q 55. Qe8+ Kd2 56. Qd7+ Ke1 57. Qe6+ Kd2 58. Qd5+ Ke1 59.
Qe5+ Kd2 60. Qb2+ Ke3 61. Qc3+ Ke4 62. Qc6+ Ke3 63. a6 Qf7+ 64. Kb6 Qb3+ 65.
Kc7 Qf7+ 66. Kd8 Kf2 67. Qc5+ Kf1 68. a7 Qg8+ 69. Kd7 Qg4+ 70. Kc7 Qg7+ 71. Kc6
Qg6+ 72. Kb5 Qe8+ 73. Qc6 Qe5+ 74. Ka6 Qa1+ 75. Kb6 Qd4+ 76. Qc5 Qf6+ 77. Kb5
Qb2+ 78. Kc6 Qf6+ 79. Kd7 Qf7+ 80. Qe7 Qd5+ 81. Ke8 Qa8+ 82. Kf7 Kg2 83. Kg7 h5
84. Qg5+ Kh1 85. Qc1+ 1-0

[Event "Festuge op"]
[Site "Festuge"]
[Date "1991.??.??"]
[Round "?"]
[White "Hector, Jonny"]
[Black "Jelling, Erik"]
[Result "1-0"]
[WhiteElo "2465"]
[BlackElo "2365"]
[PlyCount "89"]
[EventDate "1991.??.??"]
[Source "ChessBase"]

1. e4 c6 2. d4 d5 3. Nd2 dxe4 4. Nxe4 Bf5 5. Ng3 Bg6 6. h4 h6 7. Nf3 Nd7 8. h5
Bh7 9. Bd3 Bxd3 10. Qxd3 e6 11. Bf4 Ngf6 12. O-O Be7 13. c4 O-O 14. Rad1 Qa5
15. a3 b5 16. Ne5 Nxe5 17. dxe5 bxc4 18. Qxc4 Nd5 19. Bc1 Rab8 20. Rd4 Qb5 21.
Qc2 Rfd8 22. Rg4 Kh8 23. Ne2 c5 24. Rg3 Rb7 25. Qe4 Qe8 26. Qg4 Bf8 27. Bxh6 f5
28. exf6 Nxf6 29. Qf3 Rd5 30. Bxg7+ Bxg7 31. h6 Bxh6 32. Qxf6+ Bg7 33. Qh4+ Rh5
34. Qg4 Rh6 35. Nf4 Qf7 36. Ng6+ Kh7 37. Qe4 Rxb2 38. Nh4+ Kg8 39. Nf3 Qb7 40.
Qe3 Kh8 41. Qxc5 Rb1 42. Rc1 Rxc1+ 43. Qxc1 Rh5 44. Ng5 Be5 45. Qd1 1-0

[Event "Politiken Cup"]
[Site "Copenhagen"]
[Date "1991.??.??"]
[Round "?"]
[White "Hector, Jonny"]
[Black "Luther, Thomas"]
[Result "1-0"]
[WhiteElo "2465"]
[BlackElo "2470"]
[PlyCount "81"]
[EventDate "1991.??.??"]
[Source "ChessBase"]

1. e4 e6 2. d4 d5 3. Nc3 Nf6 4. Bg5 dxe4 5. Nxe4 Be7 6. Bxf6 gxf6 7. Nf3 f5 8.
Ng3 c5 9. d5 Qxd5 10. Qxd5 exd5 11. Bd3 Nc6 12. Nxf5 Nb4 13. Bb5+ Kf8 14. Nxe7
Kxe7 15. Kd2 a6 16. Rhe1+ Kd6 17. Bf1 Rg8 18. g3 Be6 19. Nh4 h6 20. Bg2 Rab8
21. c3 Nc6 22. Kc2 Rgd8 23. Rad1 Kc7 24. f4 d4 25. Bxc6 bxc6 26. b3 c4 27. bxc4
c5 28. Re5 Bd7 29. Rde1 Ba4+ 30. Kd3 Kc6 31. Nf5 Rb2 32. cxd4 cxd4 33. Nxd4+
Kc7 34. R5e2 Rb6 35. Kc3 Rbd6 36. Rd2 Kc8 37. Re7 f6 38. Nb3 Bxb3 39. Rxd6 Rxd6
40. axb3 Rd1 41. Re6 1-0

[Event "Politiken Cup"]
[Site "Copenhagen"]
[Date "1991.??.??"]
[Round "?"]
[White "Hector, Jonny"]
[Black "Sorensen, Jan"]
[Result "1-0"]
[WhiteElo "2465"]
[BlackElo "2415"]
[PlyCount "77"]
[EventDate "1991.??.??"]
[Source "ChessBase"]

1. e4 e6 2. d4 d5 3. Nc3 Bb4 4. Qd3 Ne7 5. Bd2 O-O 6. a3 Bxc3 7. Bxc3 b6 8. b4
Ba6 9. b5 Bb7 10. e5 c5 11. Qh3 Ng6 12. Nf3 Nd7 13. Bd3 f5 14. Bd2 cxd4 15. Ng5
h6 16. Nxe6 Qe7 17. Nxf8 Qxe5+ 18. Kd1 Rxf8 19. g4 Nc5 20. gxf5 Ne4 21. Rf1 Nf4
22. Qh4 Nxd2 23. Kxd2 Qc7 24. Kd1 Nxd3 25. cxd3 Qc3 26. Ke2 Qc2+ 27. Kf3 Rxf5+
28. Kg2 Qe2 29. h3 Qxd3 30. Kh2 Qe4 31. Qg3 Rf3 32. Rae1 Rxg3 33. Rxe4 Rxa3 34.
Re7 Rb3 35. Rxb7 Rxb5 36. Rg1 d3 37. Rgxg7+ Kf8 38. Rgc7 Rc5 39. Rb8# 1-0

[Event "Kerteminde"]
[Site "Kerteminde"]
[Date "1991.??.??"]
[Round "4"]
[White "Hector, Jonny"]
[Black "Hansen, Lars Bo"]
[Result "1-0"]
[WhiteElo "2465"]
[BlackElo "2525"]
[PlyCount "67"]
[EventDate "1991.02.??"]
[Source "ChessBase"]

1. e4 c5 2. Nf3 Nc6 3. d4 cxd4 4. Nxd4 Nf6 5. Nc3 e5 6. Ndb5 d6 7. Bg5 a6 8.
Na3 b5 9. Bxf6 gxf6 10. Nd5 Bg7 11. c3 f5 12. Nxb5 axb5 13. Bxb5 Bd7 14. exf5
Rb8 15. a4 O-O 16. Qf3 f6 17. O-O Kh8 18. b4 Re8 19. Rfd1 Ne7 20. Bxd7 Qxd7 21.
Nxe7 Rxe7 22. Qd5 Qxf5 23. a5 Qc8 24. b5 Rc7 25. b6 Rc6 26. Rdb1 Rc5 27. Qxd6
Bf8 28. Qxf6+ Bg7 29. Qd6 Rc6 30. Qxb8 Qxb8 31. a6 Rc8 32. b7 Rf8 33. a7 Qd6
34. b8=Q 1-0

[Event "Kerteminde"]
[Site "Kerteminde"]
[Date "1991.??.??"]
[Round "8"]
[White "Jansa, Vlastimil"]
[Black "Hector, Jonny"]
[Result "1-0"]
[WhiteElo "2495"]
[BlackElo "2465"]
[PlyCount "115"]
[EventDate "1991.02.??"]
[Source "ChessBase"]

1. e4 e5 2. Nf3 Nc6 3. Bb5 Bb4 4. c3 Ba5 5. Na3 Bb6 6. Nc4 d6 7. d4 exd4 8.
cxd4 d5 9. exd5 Qxd5 10. Qa4 Bd7 11. O-O Nge7 12. Re1 a6 13. Bxc6 Qxc6 14. Qa3
Be6 15. Bg5 f6 16. Nxb6 Qxb6 17. Re2 fxg5 18. Nxg5 Qd6 19. Qxd6 cxd6 20. Nxe6
Kd7 21. Nxg7 Rhg8 22. Ne6 Nd5 23. f4 Rg6 24. f5 Rf6 25. Rf1 Rg8 26. Rf3 h6 27.
h3 Ne7 28. Rc3 Nd5 29. Rb3 b5 30. Ra3 Rxf5 31. Rxa6 Rf6 32. Ra7+ Kc6 33. Ra6+
Kd7 34. Ra7+ Kc6 35. Rg7 Rxg7 36. Nxg7 Nf4 37. Rf2 Kd5 38. Kf1 Ke4 39. g3 Nd5
40. Rxf6 Nxf6 41. g4 Kxd4 42. Nf5+ Kd3 43. Nxh6 Kc2 44. g5 Nh5 45. b4 d5 46.
Nf5 Kc3 47. g6 d4 48. g7 Nf6 49. h4 d3 50. h5 Ng8 51. Ke1 Kc2 52. Nd4+ Kc1 53.
Kf2 d2 54. Nb3+ Kb2 55. Nxd2 Kxa2 56. Kf3 Ka3 57. Kf4 Kxb4 58. Kg5 1-0

[Event "San Sebastian op"]
[Site "San Sebastian"]
[Date "1991.??.??"]
[Round "6"]
[White "Hector, Jonny"]
[Black "Ayza Ballester, Jordi"]
[Result "1-0"]
[WhiteElo "2465"]
[BlackElo "2320"]
[PlyCount "67"]
[EventDate "1991.03.??"]
[Source "ChessBase"]

1. e4 c5 2. Nc3 e6 3. Nf3 d6 4. d4 cxd4 5. Nxd4 a6 6. Bd3 Qc7 7. O-O Nf6 8. f4
Be7 9. Nf3 Nc6 10. Qe1 O-O 11. e5 Nd7 12. exd6 Qxd6 13. Ng5 Nf6 14. Be3 Nb4 15.
Nce4 Nxe4 16. Bxe4 h6 17. Rd1 Qc7 18. c3 Nc6 19. Nf3 Bf6 20. Qf2 Ne7 21. Nd2
Bd7 22. c4 Bc6 23. Bb6 Qc8 24. b3 Bc3 25. Qf3 Bb4 26. Kh1 a5 27. Nb1 Ra6 28.
Bf2 Nf5 29. g4 Bxe4 30. Qxe4 Nd6 31. Qf3 b5 32. a3 Bc5 33. cxb5 Ra7 34. Rxd6
1-0

[Event "San Sebastian op"]
[Site "San Sebastian"]
[Date "1991.??.??"]
[Round "7"]
[White "Azmaiparashvili, Zurab"]
[Black "Hector, Jonny"]
[Result "1-0"]
[WhiteElo "2585"]
[BlackElo "2465"]
[PlyCount "47"]
[EventDate "1991.03.??"]
[Source "ChessBase"]

1. e4 e5 2. Nf3 Nc6 3. d4 exd4 4. Nxd4 Qh4 5. Nc3 Bb4 6. Be2 Qxe4 7. Ndb5 Nf6
8. O-O Bxc3 9. bxc3 Kd8 10. Be3 Re8 11. Re1 Qd5 12. Qc1 Qf5 13. Qa3 d6 14. Rad1
Re7 15. c4 Be6 16. Bf3 Rd7 17. Bxc6 bxc6 18. Nd4 Qh5 19. Bg5 c5 20. Bxf6+ gxf6
21. Nc6+ Ke8 22. Qb2 Qh4 23. Qb7 Rad8 24. Rd3 1-0

[Event "San Sebastian op"]
[Site "San Sebastian"]
[Date "1991.??.??"]
[Round "8"]
[White "Hector, Jonny"]
[Black "Comas Fabrego, Luis"]
[Result "1-0"]
[WhiteElo "2465"]
[BlackElo "2375"]
[PlyCount "81"]
[EventDate "1991.03.??"]
[Source "ChessBase"]

1. e4 e6 2. d4 d5 3. Nc3 dxe4 4. Nxe4 Bd7 5. Nf3 Bc6 6. Neg5 Be7 7. Bd3 Nf6 8.
Ne5 O-O 9. c3 h6 10. h4 Nbd7 11. Qc2 Qe8 12. Bf4 Nxe5 13. Bxe5 Ng4 14. Be2 Bxg5
15. hxg5 Nxe5 16. dxe5 Bxg2 17. Rh2 Qc6 18. gxh6 g6 19. Qd2 f6 20. O-O-O Be4
21. exf6 Kh8 22. f3 Bf5 23. Qd7 Qxd7 24. Rxd7 Rac8 25. f7 Kh7 26. Re7 g5 27.
Bb5 c6 28. Bc4 b5 29. Bb3 a5 30. Bc2 Rcd8 31. Be4 Rd6 32. Rxe6 Bxe4 33. Rxd6
Bxf3 34. Rf6 Bd5 35. Rh5 Rxf7 36. Rxf7+ Bxf7 37. Rxg5 Bxa2 38. Rh5 a4 39. Kd2
Bc4 40. Ke3 Bf7 41. Rc5 1-0

[Event "London WFW"]
[Site "London"]
[Date "1991.??.??"]
[Round "?"]
[White "Byrne, Robert E"]
[Black "Hector, Jonny"]
[Result "1-0"]
[WhiteElo "2465"]
[BlackElo "2465"]
[PlyCount "83"]
[EventDate "1991.05.??"]
[Source "ChessBase"]

1. e4 e5 2. Nf3 Nc6 3. Bb5 Bb4 4. O-O Nge7 5. d4 exd4 6. Nxd4 O-O 7. Bg5 f6 8.
Be3 d5 9. a3 Nxd4 10. Qxd4 Bd6 11. exd5 Be5 12. Qc4 Kh8 13. Qb3 Nxd5 14. Bc5
Rg8 15. Nc3 c6 16. Bc4 Qc7 17. h3 Be6 18. Rad1 Nxc3 19. Bxe6 Nxd1 20. Bxg8 Nxf2
21. Bxf2 Rxg8 22. Bxa7 c5 23. Qb5 Rc8 24. b4 c4 25. Rd1 Bh2+ 26. Kh1 Bg3 27.
Bb6 Qf4 28. Qd7 Rg8 29. Qd4 Qxd4 30. Rxd4 h5 31. a4 Bf2 32. Rd6 Be1 33. b5 Kh7
34. Rd8 Rxd8 35. Bxd8 Bf2 36. a5 Kg6 37. Bc7 Kf5 38. Bb8 Ke4 39. a6 bxa6 40.
bxa6 Bd4 41. a7 Bxa7 42. Bxa7 1-0

[Event "London WFW"]
[Site "London"]
[Date "1991.??.??"]
[Round "?"]
[White "Hector, Jonny"]
[Black "Conquest, Stuart"]
[Result "1-0"]
[WhiteElo "2465"]
[BlackElo "2460"]
[PlyCount "89"]
[EventDate "1991.05.??"]
[Source "ChessBase"]

1. e4 c6 2. Nc3 d5 3. Nf3 Bg4 4. h3 Bxf3 5. Qxf3 e6 6. g3 Nd7 7. Bg2 Ngf6 8.
O-O Bb4 9. a3 Bxc3 10. Qxc3 dxe4 11. b3 O-O 12. Bb2 e5 13. Qe3 Re8 14. Rfe1 Nb6
15. Rad1 Qd7 16. c4 Rad8 17. g4 Nc8 18. Qg3 Qd3 19. Bxe5 Qxg3 20. Bxg3 h6 21.
Bc7 Rd3 22. Re3 Rxe3 23. dxe3 Nb6 24. a4 Kh7 25. Bd6 Kg6 26. Kh2 h5 27. Kg3 Nc8
28. Bb4 hxg4 29. hxg4 Kg5 30. Bc3 Nxg4 31. Rd7 Nh6 32. Bh3 Ne7 33. Rxb7 Nhf5+
34. Kg2 Nh4+ 35. Kf1 Nf3 36. Kg2 f6 37. Rxa7 g6 38. a5 Nf5 39. Bxf5 Kxf5 40.
Rh7 Rd8 41. a6 Kg4 42. Bxf6 Rd2 43. Rh1 g5 44. a7 Nh4+ 45. Rxh4+ 1-0

[Event "London WFW"]
[Site "London"]
[Date "1991.??.??"]
[Round "?"]
[White "Hector, Jonny"]
[Black "Davies, Nigel R"]
[Result "1-0"]
[WhiteElo "2465"]
[BlackElo "2500"]
[PlyCount "57"]
[EventDate "1991.05.??"]
[Source "ChessBase"]

1. e4 c5 2. Nf3 d6 3. d4 cxd4 4. Nxd4 Nf6 5. Nc3 e6 6. g4 Be7 7. g5 Nfd7 8. Qh5
g6 9. Qg4 Nc6 10. Be3 Nb6 11. Qg3 Na5 12. b3 e5 13. Bb5+ Kf8 14. Nde2 Be6 15.
Rd1 h6 16. gxh6 a6 17. Bd3 Nd7 18. h4 Nc6 19. f4 exf4 20. Nxf4 Nce5 21. Nxe6+
fxe6 22. O-O+ Kg8 23. Bc4 Kh7 24. Bxe6 Bxh4 25. Qh3 Rc8 26. Rxd6 Rxc3 27. Rxd7+
Qxd7 28. Bxd7 Bg5 29. Bxg5 1-0

[Event "London WFW"]
[Site "London"]
[Date "1991.??.??"]
[Round "?"]
[White "Hector, Jonny"]
[Black "Hodgson, Julian M"]
[Result "1-0"]
[WhiteElo "2465"]
[BlackElo "2545"]
[PlyCount "89"]
[EventDate "1991.05.??"]
[Source "ChessBase"]

1. e4 c6 2. d4 d5 3. Nd2 dxe4 4. Nxe4 Nd7 5. Ng5 Ngf6 6. Bd3 e6 7. N1f3 Bd6 8.
Qe2 h6 9. Ne4 Nxe4 10. Qxe4 Nf6 11. Qh4 Qa5+ 12. Bd2 Qh5 13. Qxh5 Nxh5 14. Ne5
O-O 15. O-O-O c5 16. g4 Nf6 17. g5 hxg5 18. Bxg5 Nd5 19. Nc4 Bc7 20. dxc5 f6
21. Bd2 Bd7 22. h4 b6 23. cxb6 axb6 24. a3 Bc6 25. Rhe1 Kf7 26. h5 Nf4 27. Bg6+
Nxg6 28. hxg6+ Kxg6 29. Rxe6 Bf3 30. Rde1 b5 31. Re7 Bh2 32. Na5 Rfd8 33. Nb3
Rac8 34. Be3 Bd5 35. Nd4 Rb8 36. c3 f5 37. Ne6 Bxe6 38. Rxe6+ Kf7 39. Bg5 Rd3
40. Re7+ Kf8 41. Ra7 Bd6 42. Be7+ Kg8 43. Kc2 Rd5 44. Rd7 Re8 45. f4 1-0

[Event "London WFW"]
[Site "London"]
[Date "1991.??.??"]
[Round "?"]
[White "Hector, Jonny"]
[Black "Plaskett, Jim"]
[Result "1-0"]
[WhiteElo "2465"]
[BlackElo "2480"]
[PlyCount "63"]
[EventDate "1991.05.??"]
[Source "ChessBase"]

1. e4 c5 2. Nf3 d6 3. d4 cxd4 4. Nxd4 Nf6 5. Nc3 Nc6 6. Bc4 e6 7. Be3 Be7 8.
Qe2 O-O 9. O-O-O a6 10. Bb3 Qe8 11. Rhg1 Nd7 12. g4 Nc5 13. g5 b5 14. Qh5 b4
15. Nxc6 Qxc6 16. Bd5 Qc7 17. Bd4 bxc3 18. Qh6 f6 19. gxf6 Bxf6 20. Bxf6 Rxf6
21. Qxf6 cxb2+ 22. Qxb2 exd5 23. Rxd5 Bb7 24. Rxd6 Nxe4 25. Rb6 Nc3 26. Rg3
Ne2+ 27. Kb1 Be4 28. Rgb3 Rc8 29. Ka1 Bxc2 30. Rb7 h6 31. Rxc7 Rxc7 32. Rb7 1-0

[Event "London WFW"]
[Site "London"]
[Date "1991.??.??"]
[Round "?"]
[White "Sadler, Matthew"]
[Black "Hector, Jonny"]
[Result "1-0"]
[WhiteElo "2440"]
[BlackElo "2465"]
[PlyCount "79"]
[EventDate "1991.05.??"]
[Source "ChessBase"]

1. d4 d5 2. c4 c6 3. Nf3 Nf6 4. Nc3 dxc4 5. Ne5 Nbd7 6. Nxc4 Nb6 7. e4 Nxc4 8.
Bxc4 b5 9. Bd3 Qxd4 10. Nxb5 Qb6 11. Nc3 Ng4 12. O-O Qc7 13. g3 h5 14. Be2 e5
15. Na4 Rb8 16. f3 Nf6 17. Qc2 Be7 18. Be3 h4 19. g4 Nh7 20. f4 Nf6 21. f5 Rb4
22. Nc5 O-O 23. a3 Rd4 24. Bxd4 exd4 25. g5 Bxc5 26. Qxc5 Nxe4 27. Qxd4 Nxg5
28. Bg4 Ba6 29. Qf4 Qb6+ 30. Rf2 f6 31. Qb4 Qc7 32. Re1 c5 33. Qf4 Qc6 34. h3
Bb7 35. Kh2 Rd8 36. Bh5 Qd5 37. Rd1 Qxd1 38. Bxd1 Rxd1 39. Qb8+ Kh7 40. Qxb7
1-0